01296nab a22002297a 4500999001500000003000400015005001700019008004100036040000700077100002700084245021500111260007200326300001300398500003800411505029500449505008900744650002600833650002400859650003200883773013800915942001301053 c5945d5945OSt20260114021337.0190605e xxu||||| |||| 00| 0 spa d cPJ 96188aBerzano, Gisela 13aAlgunas nociones sobre la prescripción en el régimen disciplinario de la Ley Marco de Regulación del Empleo Público Nacional N.º 25.164 y su implicancia en el procedimiento sumarial /cGisela Berzano.  aCiudad Autónoma de Buenos Aires :bThomson Reuters La Ley,c2024. ap. 76-85 aCita: TR LALEY AR/DOC/888/2024.  aSumario: I. Consideraciones previas.— II. La prescripción en el procedimiento administrativo disciplinario.— III. Una vez Prescripto...— IV. El art. 37 de la Ley Marco de Regulación del Empleo Público Nacional.— V. Quién lo alega.— VI. Desde cuando.— VII. Conclusión.  t¿Te interesa el texto completo? Solicitalo al correo: koha@justierradelfuego.gov.ar 091316aDERECHO LABORAL 09938aEMPLEO PUBLICO 096566aREGIMEN DISCIPLINARIO0 0271193168dCiudad Autónoma de Buenos Aires : Thomson Reuters La Ley, 1999-2002.tRevista de derecho del trabajo. Nº 3 - Mayo 2024 2udccANA